Cõi người Thơ
vv
Đã lưu trong:
| Tác giả chính: | |
|---|---|
| Định dạng: | Sách |
| Năm xuất bản: |
Huế
Thuận Hóa
2004
|
| Chủ đề: | |
| Tags: |
Thêm thẻ
Không có thẻ, Hãy là người đầu tiên gắn thẻ bản ghi này!
|
| LEADER | 01073nam a2200217 4500 | ||
|---|---|---|---|
| 082 | |a 895.92214 |b NG527TH | ||
| 100 | |a Nguyễn Thiên Sơn | ||
| 245 | |a Cõi người |c Nguyễn Thiên Sơn |b Thơ | ||
| 260 | |a Huế |b Thuận Hóa |c 2004 | ||
| 300 | |a 49tr. |c 19cm | ||
| 520 | |a vv | ||
| 653 | |a Văn học hiện đại | ||
| 653 | |a Thế kỷ 21 | ||
| 653 | |a Việt Nam | ||
| 653 | |a Thơ | ||
| 942 | |2 ddc |c STK0 | ||
| 999 | |c 3853 |d 3853 | ||
| 952 | |0 0 |1 0 |2 ddc |4 0 |6 895_922140000000000_NG527TH |7 1 |8 800 |9 39099 |a qbu |b qbu |c D5 |d 2014-12-17 |g 20000 |o 895.92214 NG527TH |p 3870.C1 |r 0000-00-00 |w 2014-12-17 |y STK0 | ||
| 952 | |0 0 |1 0 |2 ddc |4 0 |6 895_922140000000000_NG527TH |7 0 |8 800 |9 39100 |a qbu |b qbu |c D5 |d 2014-12-17 |g 20000 |o 895.92214 NG527TH |p 3870.C2 |r 0000-00-00 |w 2014-12-17 |y STK0 | ||
| 952 | |0 0 |1 0 |2 ddc |4 0 |6 895_922140000000000_NG527TH |7 0 |8 800 |9 39101 |a qbu |b qbu |c D5 |d 2014-12-17 |g 20000 |o 895.92214 NG527TH |p 3870.C3 |r 0000-00-00 |w 2014-12-17 |y STK0 | ||
| 952 | |0 0 |1 0 |2 ddc |4 0 |6 895_922140000000000_NG527TH |7 0 |8 800 |9 39102 |a qbu |b qbu |c D5 |d 2014-12-17 |g 20000 |o 895.92214 NG527TH |p 3870.C4 |r 0000-00-00 |w 2014-12-17 |y STK0 | ||